| 000 -LEADER |
| fixed length control field |
01406 a2200217 4500 |
| 003 - CONTROL NUMBER IDENTIFIER |
| control field |
Nust |
| 005 - DATE AND TIME OF LATEST TRANSACTION |
| control field |
20230214101820.0 |
| 010 ## - LIBRARY OF CONGRESS CONTROL NUMBER |
| LC control number |
98159476 |
| 020 ## - INTERNATIONAL STANDARD BOOK NUMBER |
| International Standard Book Number |
0195777271 |
| 040 ## - CATALOGING SOURCE |
| Transcribing agency |
Nust |
| 082 00 - DEWEY DECIMAL CLASSIFICATION NUMBER |
| Classification number |
954.9205,NIA |
| 100 1# - MAIN ENTRY--PERSONAL NAME |
| Personal name |
Niazi, Amir Abdullah Khan. |
| 9 (RLIN) |
109041 |
| 245 14 - TITLE STATEMENT |
| Title |
The betrayal of East Pakistan / |
| Statement of responsibility, etc. |
A.A.K. Niazi. |
| 260 ## - PUBLICATION, DISTRIBUTION, ETC. |
| Place of publication, distribution, etc. |
Karachi ; |
| -- |
New York : |
| Name of publisher, distributor, etc. |
Oxford University Press, |
| Date of publication, distribution, etc. |
1998. |
| 300 ## - PHYSICAL DESCRIPTION |
| Extent |
xxxi, 321 p., [25] p. of plates : |
| Other physical details |
ill., maps (some col.) ; |
| Dimensions |
23 cm. |
| 505 ## - FORMATTED CONTENTS NOTE |
| Formatted contents note |
Early Years (Page-1), The 1965 War (Page-17), Events Leading to secession (Page-33) Commander Eastern Command (Page-48), Topography and Troop Development (Page-56), The Makati Bahni and our civil armed Forces (Page-69), Operational Plan (Page-80), War Clouds (Page-99),The Invasion (Page-117), The battle Sector wise (Page-137), Dismemberment of Pakistan (Page-174), Dismemberment of Pakistan (Page-174), Dkah Bawl Misconcepration and the India Plan (Page-196), Engineered Debacle (Page-232), Return to Pakistan (Page-244), Hamood Ur Rehman Commission (Page-252), Civilian Life (Page-266). |
| 650 #0 - SUBJECT ADDED ENTRY--TOPICAL TERM |
| Topical term or geographic name entry element |
India-Pakistan Conflict, 1971 |
| General subdivision |
Personal narratives, Pakistani. |
| 9 (RLIN) |
109042 |
| 651 #0 - SUBJECT ADDED ENTRY--GEOGRAPHIC NAME |
| Geographic name |
Bangladesh |
| General subdivision |
History |
| Chronological subdivision |
Revolution, 1971 |
| General subdivision |
Personal narratives, Pakistani. |
| 9 (RLIN) |
109043 |
| 856 42 - ELECTRONIC LOCATION AND ACCESS |
| Materials specified |
Publisher description |
| Uniform Resource Identifier |
<a href="http://www.loc.gov/catdir/enhancements/fy0605/98159476-d.html">http://www.loc.gov/catdir/enhancements/fy0605/98159476-d.html</a> |
| 942 ## - ADDED ENTRY ELEMENTS (KOHA) |
| Source of classification or shelving scheme |
|
| Koha item type |
Book |
| Call number prefix |
954.9205,NIA |